Statistics for Famous Islands #3

Click here to take the quiz!

General Stats

  • This quiz has been taken 140 times
  • The average score is 11 of 15

Answer Stats

HintAnswer% Correct
Biggest island in the worldGreenland
98%
Island closest to IndiaSri Lanka
98%
Italy`s biggest islandSicily
97%
Europe`s island closest to greenlandIceland
92%
Northern part of New ZealandNorth island
87%
Island that Indonesia, Malaysia and Brunei shareBorneo
86%
Biggest australian islandTasmania
86%
Biggest island in canadaBaffin Island
80%
Island with the most populationJava
68%
An island in French Polynesia part of ChileEaster Island
64%
One of Canada`s provincesPrince Edward Island
64%
Island that has the biggest cityHonshu
63%
Island next to ReunionMauritius
50%
Biggest island part of chinaHainan
49%
Island that Victoria is onVancouver Island
32%

Score Distribution

Percentile by Number Answered

Percent of People with Each Score

Your Score History

You have not taken this quiz